000 00298nam a2200121 i 4500
001 bg
245 0 _aRADIAZIONNAJA fizika tverdogo tela i radiacionnoe materialovedenie.
260 _aTwilisi,
_c1974.
040 _cBPK
041 _apol
942 _cKS
008 s pl f |000 0 pol
999 _c16014
_d16014
856 _uhttp://koha.tu.koszalin.pl/cgi-bin/koha/opac-detail.pl?biblionumber=16014
_yKatalog online BPK